000 00359nam a2200145Ia 4500
003 OSt
005 20240309111420.0
008 170524s9999 xx 000 0 und d
020 _a978-8181781758
040 _cIIMTU MEERUT
100 _aUPADHYAYA- SHIVDUTT
245 0 _aPARYAVARNIY SHIKSHA EVAM AAPDA PRABANDHAN
260 _bBHARAT BHARTI
942 _2ddc
_c02
999 _c7728
_d7728